|
|
|
|
| LEADER |
01010nam a2200301 a 4500 |
| 001 |
000391979 |
| 003 |
CZ BrMZK |
| 005 |
20190327085311.0 |
| 008 |
010907s1999 xr f cze d |
| 015 |
|
|
|a cnb000734314
|
| 020 |
|
|
|a 80-86090-75-2
|
| 035 |
|
|
|a (OCoLC)42820633
|
| 040 |
|
|
|a BOA001
|b cze
|
| 080 |
|
|
|a 885.0-93-35
|2 MRF
|
| 100 |
1 |
|
|a Benešová, Alena
|7 jk01011655
|4 aut
|
| 245 |
1 |
0 |
|a Odvážná plavba /
|c [text: Alena Benešová]
|
| 250 |
|
|
|a Čes. vyd.
|
| 260 |
|
|
|a [Říčany] :
|b Junior,
|c [1999?]
|
| 300 |
|
|
|a 90 s. :
|b il. ;
|c 23 cm
|
| 490 |
1 |
|
|a Učím se číst
|
| 653 |
0 |
|
|a čtení
|
| 830 |
|
0 |
|a Učím se číst (Junior)
|0 s
|
| 910 |
|
|
|a BOA001
|b 2-1062.754
|b PK-0131.376
|
| 920 |
|
|
|a 000276303
|
| 964 |
|
|
|a Čtení počáteční
|x četba doplňková
|
| 990 |
|
|
|a BK
|
| 996 |
6 |
|
|b 2610098622
|c 2-1062.754
|l MZK
|r Sklad / do 1 hodiny
|n 0
|p p.v.
|w 000391979
|u 000020
|a 1
|e BOA001
|j MZK50
|s P
|
| 996 |
7 |
|
|b 3119015465
|c PK-0131.376
|l MZK
|r Sklad / do 1 hodiny
|n 2
|p kup
|w 000391979
|u 000010
|a 1
|e BOA001
|j MZK50
|s A
|